| 000 | 01967nam a2200541 i 4500 | ||
|---|---|---|---|
| 001 | 52159 | ||
| 003 | KOSZ 005 | ||
| 005 | 20230109125110.0 | ||
| 008 | 011204s2004 pl a f f |000 0 pol | ||
| 015 | _aPB 2004/22937 | ||
| 020 | _a8372445648 | ||
| 035 | _a(PL-WaBN)b16957295-48omnis_nlop | ||
| 035 | _ab16957295 | ||
| 035 | _a(OCoLC)749721269 | ||
| 035 | _a(PL)b0000016957295 | ||
| 040 |
_aWA N _cWA N _dKOSZ 005/HR |
||
| 046 | _k1996 | ||
| 080 | _a615.9 | ||
| 080 | _a664.014 | ||
| 080 | _a614.3 | ||
| 080 | _a543 | ||
| 080 | _a(075.8) | ||
| 245 | 0 | 0 |
_aToksykologia żywności : _bprzewodnik do ćwiczeń / _cpod red. Anny Brzozowskiej ; [aut. Urszula Augustyniak et al.]. |
| 250 | _aWyd. 3 popr. i rozsz. | ||
| 260 |
_aWarszawa : _bWydawnictwo SGGW [Szkoły Głównej Gospodarstwa Wiejskiego], _c2004. |
||
| 300 |
_a207 s. : _brys., tab., wykr. ; _c24 cm. |
||
| 336 |
_2rdacontent _aTekst _btxt |
||
| 337 |
_2rdamedia _aBez urządzenia pośredniczącego _bn |
||
| 338 |
_2rdacarrier _aWolumin _bnc |
||
| 380 | _aKsiążki | ||
| 380 | _aPublikacje dydaktyczne | ||
| 385 |
_mPoziom nauczania _aSzkoły wyższe |
||
| 388 | _a1901-2000 | ||
| 388 | _a1989-2000 | ||
| 504 | _aBibliogr. przy rozdz. | ||
| 521 | 8 | _aDla studentów studiów stacjonarnych, zaocznych i wieczorowych Wydz. Nauk o Żywieniu Człowieka i Konsumpcji SGGW oraz studentów wydziałów technologii żywności uczelni rolniczych. | |
| 650 | 7 |
_aToksykologia żywności _2DBN |
|
| 655 | 7 |
_aPodręczniki akademickie _2DBN |
|
| 658 | _aRolnictwo i leśnictwo | ||
| 658 | _aMedycyna i zdrowie | ||
| 658 | _aChemia | ||
| 700 | 1 |
_aAugustyniak, Urszula _eAutor |
|
| 700 | 1 |
_aBrzozowska, Anna _c(technolog żywności). _eAutor _eRedakcja |
|
| 710 | 2 |
_aWydawnictwo SGGW _4pbl |
|
| 856 |
_uhttp://koha.tu.koszalin.pl/cgi-bin/koha/opac-detail.pl?biblionumber=52159 _yKatalog online BPK |
||
| 942 |
_2UKD _cKS |
||
| 999 |
_c52159 _d52159 |
||